Notas sobre un libro reciente de Sergio Bagú /
Bewaard in:
| Hoofdauteur: | |
|---|---|
| Formaat: | Texto |
| Onderwerpen: | |
| Tags: |
Voeg label toe
Geen labels, Wees de eerste die dit record labelt!
|
MARC
| LEADER | 00000 a a2200000 04500 | ||
|---|---|---|---|
| 001 | 8023 | ||
| 003 | |||
| 040 | |||
| 100 | |a Cardoso, Ciro | ||
| 245 | |a Notas sobre un libro reciente de Sergio Bagú / |c Ciro Cardoso | ||
| 650 | |a BIBLIOGRAFIAS | ||
| 773 | |g volumen 2, número 6.(1973), Páginas . 147-149 | ||
| 999 | |c 30791 |d 30791 | ||
| 773 | 0 | |0 18875 |9 5521 |a Universidad de Costa Rica. |d San José, Costa Rica: Universidad de Costa Rica. Consejo Superior Universitario Centroamericano, 1972- |o 13807 |t Estudios Sociales Centroamericanos / |x 03039676 | |
